| 000 | 00843pam a2200229 a 4500 | ||
|---|---|---|---|
| 020 | _a053883045X (alk. paper) | ||
| 082 | 0 | 0 |
_a658.022 _bLON |
| 100 | 1 |
_aLongenecker, Justin G. _d1917-2005. |
|
| 245 | 1 | 0 |
_aSmall business management : _ban entrepreneurial emphasis / _cJustin G. Longenecker, Carlos W. Moore, J. William Petty. |
| 250 | _a9th ed. | ||
| 260 |
_aCincinnati, Ohio : _bSouth-Western Pub. Co., _cc1994. |
||
| 300 |
_axvii, 828 p. : _bcol. ill. ; _c24 cm. |
||
| 504 | _aIncludes bibliographical references and index. | ||
| 650 | 0 |
_aSmall business _912645 |
|
| 700 | 1 |
_aMoore, Carlos W. _920658 |
|
| 700 | 1 |
_aPetty, J. William, _d1942- _920659 |
|
| 942 |
_2ddc _cBK |
||
| 999 |
_c528860 _d528860 |
||